Risky Behavioral Factors Related to the Transmission of HIV, Hepatitis B and Hepatitis C among Injecting Drug Users in Georgia (Record no. 1639)

000 -LEADER
fixed length control field 00824nam a22001817a 4500
005 - DATE AND TIME OF LATEST TRANSACTION
control field 20210423060516.0
008 - FIXED-LENGTH DATA ELEMENTS--GENERAL INFORMATION
fixed length control field 210222s2004 ||||| |||| 00| 0 eng d
040 ## - CATALOGING SOURCE
Original cataloging agency eng
Transcribing agency DLC
041 ## - LANGUAGE CODE
Language code of text/sound track or separate title eng
080 ## - UNIVERSAL DECIMAL CLASSIFICATION NUMBER
Universal Decimal Classification number 61
Item number S-53
100 ## - MAIN ENTRY--PERSONAL NAME
9 (RLIN) 1055
Personal name Shapatava, Ekaterine
245 ## - TITLE STATEMENT
Title Risky Behavioral Factors Related to the Transmission of HIV, Hepatitis B and Hepatitis C among Injecting Drug Users in Georgia
Remainder of title : A Report Submitted to the Department of Behavioral Sciences and Health Education in Partial Fulfillment of the Requirements of the Degree of Public Health
Statement of responsibility, etc. / by: The Rollins School of Public Health of Emory University
260 ## - PUBLICATION, DISTRIBUTION, ETC.
Place of publication, distribution, etc. Atlanta, Georgia
Name of publisher, distributor, etc. The Rollins School of Public Health of Emory University
Date of publication, distribution, etc. 2004
300 ## - PHYSICAL DESCRIPTION
Extent 37 p.
650 #0 - SUBJECT ADDED ENTRY--TOPICAL TERM
9 (RLIN) 69
Topical term or geographic name entry element Medicine
653 ## - INDEX TERM--UNCONTROLLED
Uncontrolled term მედიცინა
942 ## - ADDED ENTRY ELEMENTS (KOHA)
Source of classification or shelving scheme
Koha item type Books
Holdings
Withdrawn status Lost status Source of classification or shelving scheme Damaged status Not for loan Permanent location Current location Date acquired Inventory number Total Checkouts Full call number Barcode Date last seen Price effective from Koha item type
          Ken Walker International University Ken Walker International University 02/22/2021 1499   61 S-53 1499 02/22/2021 02/22/2021 Books

Powered by Koha